Exposición que la Junta Directiva de los Amigos de los Pobres dirige a las Córtes
Descripción Física:
[4] p. ; 31 cm
MARC
| LEADER | 00000nam a2200000Ia 4500 | ||
|---|---|---|---|
| 001 | 23073 | ||
| 003 | BGR | ||
| 005 | 20260410113646.0 | ||
| 008 | 160829s1881 xx 000 0 cat d | ||
| 080 | |a RF-17-11 | ||
| 245 | |a Exposición que la Junta Directiva de los Amigos de los Pobres dirige a las Córtes | ||
| 260 | |a Barcelona : |b Imp. de José Miret, |c 1881 | ||
| 300 | |a [4] p. ; |c 31 cm | ||
| 590 | |a Prové de la caixeta de Casa de Caritat, any 1881, núm. 2311, exp. 2328 | ||
| 650 | |a Asociación de Amigos de los Pobres |9 41408 | ||
| 650 | |a Rifes |9 41407 | ||
| 710 | 2 | |a Asociación de Amigos de los Pobres |9 70510 | |
| 856 | 4 | |u https://media.diba.cat/diba/fitxers/arxiu/fulletons/bib_23073_1881_baixa.pdf |y Accés lliure | |
| 856 | 4 | |u https://media.diba.cat/diba/fitxers/arxiu/fulletons/bib_23073_1881_baixa.pdf |y Accés lliure | |
| 900 | |a bib_23073_1881_baixa.pdf | ||
| 901 | |a Arxiu | ||
| 942 | |n 1 |2 udc |c MON | ||
| 952 | |0 0 |1 0 |4 0 |6 RF1711 |7 1 |9 50199 |a Arxiu |b Arxiu |d 2016-12-01 |l 0 |o RF-17-11 |p 23073 |r 2016-12-01 00:00:00 |w 2016-12-01 |y ARXIU | ||
| 999 | |c 54041 |d 54041 | ||